Catalog

Record Details

Catalog Search



Margaret Hillert's The birthday car  Cover Image Book Book

Margaret Hillert's The birthday car / illustrated by Patrick Girouard.

Hillert, Margaret, (author.). Girouard, Patrick, (illustrator.).

Summary:

"A boy receives a new red play car for his birthday and shares riding in it with his friends. Original edition revised with all new illustrations"-- Provided by publisher.

Record details

  • ISBN: 9781599537955
  • ISBN: 1599537958
  • Physical Description: 30 pages : color illustrations ; 21 cm.
  • Publisher: [Chicago, IL] : Norwood House Press, ©2017.

Content descriptions

General Note:
"A Beginning-to-Read book."
"21st Century Edition."
"Authorized adapted reprint from the U.S. English language edition"--Copyright page.
Originally published in 1966 by Follett Publishing Company under the title The birthday car.
Subject: Automobiles > Fiction.
Toys > Fiction.
Birthdays > Fiction.

Available copies

  • 0 of 1 copy available at scottsboropl.

Holds

  • 0 current holds with 1 total copy.
Show All Copies
Location Call Number / Copy Notes Barcode Shelving Location Status Due Date

LDR 01827nam a2200445 i 4500
001146343
003CONS
00520180403131144.0
008160506s2017 ilua b 000 1 eng
010 . ‡a 2016001872
020 . ‡a9781599537955 ‡q(library edition)
020 . ‡a1599537958 ‡q(library edition)
035 . ‡a(CPomAG)LMN605095
037 . ‡a1410219 ‡bQBI
042 . ‡alcac ‡apcc
05000. ‡aPZ7.H558 ‡bMad 2017
08200. ‡a[E] ‡223
1001 . ‡aHillert, Margaret, ‡eauthor.
24010. ‡aBirthday car
24510. ‡aMargaret Hillert's The birthday car / ‡cillustrated by Patrick Girouard.
264 1. ‡a[Chicago, IL] : ‡bNorwood House Press, ‡c©2017.
300 . ‡a30 pages : ‡bcolor illustrations ; ‡c21 cm.
336 . ‡atext ‡btxt ‡2rdacontent
336 . ‡astill image ‡bsti ‡2rdacontent
337 . ‡aunmediated ‡bn ‡2rdamedia
338 . ‡avolume ‡bnc ‡2rdacarrier
4901 . ‡aA beginning-to-read book. Easy stories
500 . ‡a"A Beginning-to-Read book."
500 . ‡a"21st Century Edition."
500 . ‡a"Authorized adapted reprint from the U.S. English language edition"--Copyright page.
500 . ‡aOriginally published in 1966 by Follett Publishing Company under the title The birthday car.
520 . ‡a"A boy receives a new red play car for his birthday and shares riding in it with his friends. Original edition revised with all new illustrations"-- ‡cProvided by publisher.
650 1. ‡aAutomobiles ‡vFiction.
650 1. ‡aToys ‡vFiction.
650 1. ‡aBirthdays ‡vFiction.
7001 . ‡aGirouard, Patrick, ‡eillustrator.
8001 . ‡aHillert, Margaret. ‡tBeginning-to-read book. ‡pEasy stories.
914 . ‡aSCP_kt
959 . ‡i32269001052573 ‡lBR Hil ‡aJuvenile - Easy ‡tBeginning Reader ‡g25.00
852 . ‡p32269001052573 ‡jBR Hil ‡gJuvenile - Easy ‡cBeginning Reader ‡y25.00 ‡bSBPL
901 . ‡a146343 ‡bUnknown ‡c146343 ‡tbiblio

Additional Resources